| 000 | 01051nam a2200277 i 4500 | ||
|---|---|---|---|
| 001 | bg | ||
| 100 | 1 | _aDREWNIAK, Emil | |
| 245 | 1 | 0 |
_aMikrobiologia żywności / _cEmil Drewniak, Teresa Drewniak. |
| 250 | _aWyd. 11. | ||
| 260 |
_aWarszawa : _bWydawnictwa Szkolne i Pedagogiczne, _c2006. |
||
| 300 |
_a161, [1] s. : _bfot., rys., wykr. ; _c21 cm. |
||
| 521 | _aDla uczniów kl. II technikum, zawód - technik technologii żywności wszystkie specjalizacje oraz dla uczniów kl. I sz, zawód - operator maszyn i urządzeń przemysłu spożywczego. | ||
| 650 | 9 | _aMikrobiologia | |
| 650 | 9 |
_aŻywność _xmikrobiologia |
|
| 655 | _aPodręczniki dla szkół zawodowych | ||
| 700 | 1 | _aDREWNIAK, Teresa | |
| 015 | _aPB 12754/2005 | ||
| 020 | _a9788302071355 | ||
| 040 | _cBPK | ||
| 041 | 0 | _apol | |
| 080 | _a579:663/664+637](075.3.053.7) | ||
| 920 | _a978-83-02-07135-5 | ||
| 942 | _cKS | ||
| 008 | s pl f |000 0 pol | ||
| 999 |
_c53007 _d53007 |
||
| 856 |
_uhttp://koha.tu.koszalin.pl/cgi-bin/koha/opac-detail.pl?biblionumber=53007 _yKatalog online BPK |
||